| 000 | 00000nam 2200000zi 4500 |
| 001 | 9.878160 |
| 003 | CaOODSP |
| 005 | 20221123120149 |
| 006 | m o d f |
| 007 | cr cn||||||||| |
| 008 | 190816t20182018onc ob f000 0 eng d |
| 040 | |aCaOODSP|beng|erda|cCaOODSP |
| 043 | |an-cn--- |
| 086 | 1 |aYM32-5/2018-26E-PDF |
| 100 | 1 |aLecomte, Lucie, |d1977- |eauthor. |
| 245 | 10|aParty discipline and free votes / |cLucie Lecomte, Legal and Social Affairs Division, Parliamentary Information and Research Service. |
| 264 | 1|aOttawa, Canada : |bLibrary of Parliament = Bibliothè€que du Parlement, |c2018. |
| 264 | 4|c©2018 |
| 300 | |a1 online resource (i, 6 pages). |
| 336 | |atext|2rdacontent |
| 337 | |acomputer|2rdamedia |
| 338 | |aonline resource|2rdacarrier |
| 490 | 1 |aIn brief ; |vno. 2018-26-E |
| 500 | |aIssued also in French under title: La discipline de parti et le vote libre. |
| 500 | |aCover title. |
| 500 | |a"28 June 2018." |
| 504 | |aIncludes bibliographical references (pages 5-6). |
| 692 | 07|2gccst|aPolitical parties |
| 710 | 1 |aCanada. |bLibrary of Parliament. |
| 710 | 1 |aCanada. |bParliamentary Information and Research Service. |
| 775 | 08|tLa discipline de parti et le vote libre / |w(CaOODSP)9.878163 |
| 830 | #0|aIn brief (Canada. Parliamentary Information and Research Service)|vno. 2018-26-E.|w(CaOODSP)9.504914 |
| 856 | 40|qPDF|s436 KB|uhttps://publications.gc.ca/collections/collection_2019/bdp-lop/eb/YM32-5-2018-26-eng.pdf |